History Quiz

Random History or Art Quiz
Score 0/52 Timer 12:00
0 Plays Today
% Correct
Obelisk
100%
Ionic Order
100%
Lapis Lazuli
88.9%
Doric Order
88.9%
Stonehenge
88.2%
Colosseum
82.4%
Fresco
77.8%
Roman Aqueduct
77.8%
The Parthenon
76.5%
Great Pyramids of Giza
70.6%
Prehistoric
60%
Pantheon
58.8%
Vault
55.6%
Ziggurat
47.1%
Cuneiform Writing
47.1%
Ishtar Gate
47.1%
Roman Arch
44.4%
Basilica
44.4%
Ochre
43.8%
Paleolithic
43.8%
Neolithic
43.8%
Tutankhamun's Sarcophagus
41.2%
Kouros
41.2%
Sarcophagus of the Spouses
41.2%
Pareidolia
40%
Fertility Symbol
40%
% Correct
Passage Graves
40%
Woman of Willendorf
35.3%
Cave Paintings at Altamira
35.3%
Votive Statue
35.3%
Bull Head Lyre
35.3%
Patrician with Ancestor Portrait Busts
35.3%
Augustus of Prima Porta
35.3%
Sympathetic Magic
33.3%
Post and Lintel Construction
33.3%
Mortise and Tenon
33.3%
Optical Refinements
33.3%
Petrified Architecture
33.3%
Archaic Smile
33.3%
Lost Wax Casting
33.3%
Manuport
31.3%
Palette of Narmer
29.4%
Corbel Arch
26.7%
Statue of Akhenaten
23.5%
Doryphoros
23.5%
Pediment
22.2%
Contrapposto
22.2%
Damnatio Memoriae
22.2%
Ritual Procession
20%
Aphrodite of Knidos
17.6%
Entasis
11.1%
Apotropaic
11.1%
Come Together.
Have Fun.
All Virtual.
We all need to come together. Play Sporcle's virtual live trivia to have fun, connect with people, and get your trivia on. Join a live hosted trivia game for your favorite pub trivia experience done virtually. If a virtual private party is more your thing, go here for details.

You're not logged in!

Compare scores with friends on all Sporcle quizzes.
OR
Log In

Sporcle TV

Today on Sporcle TV


Watch our educational content, quiz creation guides, and fun videos on Sporcle TV.

Show Comments

Extras

Created Feb 17, 2020ReportNominate
Tags:Art Quiz

Top Quizzes Today


Score Distribution

Paid Content

Your Account Isn't Verified!

In order to create a playlist on Sporcle, you need to verify the email address you used during registration. Go to your Sporcle Settings to finish the process.

Report this User

Report this user for behavior that violates our Community Guidelines.

Details: